LIBRARY ONLINE CATALOGUE

Criminal justice system in dispute : (Record no. 15483)

MARC details
000 -LEADER
fixed length control field 00552cam a22001692 4500
001 - CONTROL NUMBER
control field 0000024641
005 - DATE AND TIME OF LATEST TRANSACTION
control field 20151217161644.0
008 - FIXED-LENGTH DATA ELEMENTS--GENERAL INFORMATION
fixed length control field 140123s xx 000 0 eng d
040 ## - CATALOGING SOURCE
Original cataloging agency KABU
Transcribing agency KABU
100 1# - MAIN ENTRY--PERSONAL NAME
Personal name Gikenye, Mbugua John.
-- 0000185024
245 10 - TITLE STATEMENT
Title Criminal justice system in dispute :
Remainder of title the broad context of change, conflict and the search for accountability and transparency in Kenya /
Statement of responsibility, etc. Gikenye Mbugua John.
260 ## - PUBLICATION, DISTRIBUTION, ETC. (IMPRINT)
Date of publication, distribution, etc. 2012.
300 ## - PHYSICAL DESCRIPTION
Extent 49 leaves.
908 ## - PUT COMMAND PARAMETER (RLIN)
Put command parameter 140123
950 ## - LOCAL HOLDINGS (RLIN)
-- 1
Holdings
Withdrawn status Lost status Source of classification or shelving scheme Not for loan Home library Current library Date acquired Total Checkouts Full call number Barcode Date last seen Date last checked out Price effective from Koha item type
    Library of Congress Classification   Kabarak, Main Campus Kabarak, Main Campus 17/12/2015 2 Law PRO9 19/09/2016 14/09/2016 17/12/2015 Thesis, Dissertation and Projecs